Guía para el estudio de la historia del arte

Guardat en:
Dades bibliogràfiques
Autors principals: Checa Cremades, Fernando (Autor), García Felguera, María de los Santos (Autor)
Altres autors: Morán Turina, José Miguel (autor)
Format: Llibre
Idioma:espanyol
Publicat: Madrid Cátedra 1980
Edició:2a. ed
Col·lecció:Cuadernos Arte Cátedra
Matèries:
Etiquetes: Afegir etiqueta
Sense etiquetes, Sigues el primer a etiquetar aquest registre!

MARC

LEADER 00000nam a2200000 a 4500
001 UCP9824
003 CL-VaPUC
008 000407e19800000SP |||||||||||||||||spa|d
082 0 4 |a 709  |b CHE  |2 21 
100 0 |a Checa Cremades, Fernando  |e author  |9 440677 
700 |a García Felguera, María de los Santos  |e author  |9 449083 
700 |a Morán Turina, José Miguel  |e autor  |9 449084 
245 1 0 |a Guía para el estudio de la historia del arte 
250 |a 2a. ed 
300 |a 257 p 
942 |c BK 
945 |d 20000407 00:00:00  |a crobeson 
260 |a Madrid  |b Cátedra  |c 1980 
650 0 |a Historia del arte  |9 314877 
650 0 |a Historiografía   |9 257871 
650 0 |a Sociología del arte  |9 306278 
583 |a last modification  |c 20000407 00:00:00  |k Rodrigo Vera 
490 0 |a Cuadernos Arte Cátedra 
999 |c 286606  |d 286604 
952 |0 0  |1 0  |4 0  |6 709_000000000000000_CHE_1980  |7 0  |8 A  |9 332635  |a BIBHIS  |b BIBHIS  |d 2019-11-20  |i 1398350  |l 1  |m 1  |o 709 CHE 1980  |p 1398350  |r 2025-04-24  |s 2025-04-14  |w 2019-11-20  |y BK  |k HIS 
952 |0 0  |1 0  |4 0  |6 709_000000000000000_CHE_1980  |7 0  |8 A  |9 332636  |a BIBART  |b BIBART  |d 2019-11-20  |i 1204343  |l 2  |m 3  |o 709 CHE 1980  |p 1204343  |r 2025-03-13  |s 2023-04-20  |w 2019-11-20  |y BK  |k ART